000 00599nam a22001937a 4500
999 _c6059
_d6059
003 AR-CdUCM
008 190313b ||||| |||| 00| 0 spa d
040 _aMUNICIPALIDAD PROVINCIAL DEL CUSCO
_cBIBLIOTECA MUNICIPAL DEL CUSCO
082 _a869.26 /
_bF39
100 _aFernández, Macedonio
_917660
245 _aPapeles de recienvenido :
_bcontinuacion de la nada /
260 _aBuenos Aires :
_bLosada,
_c1944.
300 _a279 páginas ;
_c21 cm.
500 _aDonación familia Nieto
650 _aLiteratura argentina
_984
650 _aSiglo XX
_98
942 _2ddc
_cLIBROS
945 _aafb